000 00632nam a2200181Ia 4500
008 100917s9999 xx 000 0 und d
082 _b23653
100 _aतळवलकर गोपीनाथ - अनु.
245 _aअभिनव सक्रिय ध्यान
260 _bजन जागृती केंद्र प्रकाशन
_c1971
300 _a29
365 _b1
520 _aअध्यात्म
630 _aअभिनव सक्रिय ध्यान
650 _aअध्यात्म
730 _aअभिनव सक्रिय ध्यान
942 _cBOOK
999 _c629047
_d629044